000 00234nam a2200097Ia 4500
005 20251222113743.0
008 251222s1900||||xx |||||||||||||| ||spa||
082 _aDVD0070/P53/1998
245 0 _aFuera del mundo:Fuori dal mondo
942 _cDVD
999 _c674
_d674